1er. Encuentro Internacional de Científicos : realizado en el marco de la 12ª Exposición Feria Internacional de Buenos Aires "El libro, del autor al lector" : abril de 1986, Buenos Aires, Argentina.

Guardado en:
Autores Corporativos: Encuentro Internacional de Científicos Buenos Aires), Fundación El Libro.
Otros Autores: Bunge, Mario., Ortiz, Eduardo L.
Formato: Libro
Idioma:Spanish
Publicado: Buenos Aires : Del Castillo, c1987.
Etiquetas: Agregar Etiqueta
Sin Etiquetas, Sea el primero en etiquetar este registro!
LEADER 02035nam a22002175a 4500
001 MAT.inmabb006472
008 110530s1987####ag#a##########100#0#spa#d
005 20160523115445.0
245 1 0 |a 1er. Encuentro Internacional de Científicos :  |b realizado en el marco de la 12ª Exposición Feria Internacional de Buenos Aires "El libro, del autor al lector" : abril de 1986, Buenos Aires, Argentina. 
260 |a Buenos Aires :  |b Del Castillo,  |c c1987. 
300 |a 176 p. :  |b il. ;  |c 23 cm. 
500 |a Comisión organizadora del encuentro: Luis F. Leloir, Manuel Sadosky, René Favaloro, Eugenio Pucciarelli. 
505 0 |a Palabras de apertura / Manuel Sadosky -- Química orgánica : El origen de la vida / Juan Oró -- Genética : Los mecanismos de la herencia / Thomas H. Jukes -- Ingeniería genética : ¿Adiós a las enfermedades hereditarias? / James Watson -- Embriología : Los primeros pasos del desarrollo / Eduardo De Robertis (h.) -- Física de partículas : Un progreso que se paga caro / Juan J. Giambiagi -- Energía nuclear : Tecnología para la fusión nuclear / Carlo Rubbia -- Energía : Alternativas que no contaminan / Luis R. Saravia -- Neurobiología : Viejas y nuevas ideas sobre la neurona / Hersch Gerschenfeld -- Neurobiología : El canto de los pájaros / Fernando Nottebohm -- Informática : Una ciencia para las computadoras / Ugo Montanari -- Informática : Las computadoras para una ciencia / Eduardo L. Ortiz -- Filosofía de la ciencia : Cultura científica y otras culturas / Eugenio Pucciarelli -- Política científica : Desarrollo integral y otros modelos de desarrollo / Mario Bunge -- Ciencias de la salud : Comentarios sobre ciencia y paciencia / Nathan Trainin. 
020 |a 9509618179 
111 2 |a Encuentro Internacional de Científicos  |n (1º :  |d 1986 :  |c Buenos Aires) 
700 1 2 |a Bunge, Mario. 
700 1 2 |a Ortiz, Eduardo L. 
710 2 |a Fundación El Libro. 
246 3 |a Primer Encuentro Internacional de Científicos 
084 |a 00B20  |2 msc2000 
859 |h 00B20  |i En56-1  |p A-8671  |b BIB. MATEMATICA